| 000 | 00718cam a2200253 4500500 | ||
|---|---|---|---|
| 005 | 20260405003625.0 | ||
| 041 | _afre | ||
| 042 | _adc | ||
| 100 | 1 | 0 |
_aFesson, Sylvain _eauthor |
| 245 | 0 | 0 | _aMirwais. Le couteau entre les danses |
| 260 | _c2022. | ||
| 500 | _a55 | ||
| 690 | _aAfghanistan | ||
| 690 | _aChanson | ||
| 690 | _aJean Baudrillard | ||
| 690 | _aMusique | ||
| 690 | _aMusique électronique | ||
| 690 | _aNietzsche | ||
| 690 | _aPsychanalyse | ||
| 690 | _aTaxi | ||
| 690 | _aTechnologie | ||
| 786 | 0 | _nPhilosophie magazine | 165 | 12 | 2022-12-01 | p. 80-80 | 1951-1787 | |
| 856 | 4 | 1 | _uhttps://shs.cairn.info/magazine-philosophie-magazine-2022-12-page-80?lang=fr&redirect-ssocas=7080 |
| 999 |
_c2069372 _d2069372 |
||